| 000 | 00385nam a2200109Ia 4500 | ||
|---|---|---|---|
| 008 | 171204s9999 xx 000 0 und d | ||
| 245 | _aSystems Of Psychotherapy: A Transtheoretical Analysis: | ||
| 245 | _cJames O. Prochaska and John Norcross | ||
| 260 | _c2013 | ||
| 650 | _xPSYCHOLOGICAL COUNSELING AND PSYCHOTHERAPY | ||
| 856 | _uhttp://down.ebook777.com/024/SysOfPsyATraAna8thEdi.pdf | ||
| 999 |
_c346495 _d346495 |
||